00000000nam##2200000za#4500
0019.641733
003CaOODSP
00520210624223349
007cr |||||||||||
008150407|2010||||xxc|||||o    f|0| 0 fre|d
040 |aCaOODSP|bfre
043 |an-cn---
0861 |aE77-2/7-2010F-PDF
1101 |aCanada.|bAffaires étrangères et Commerce international. |bBureau des passeports.
24510|aPassport Canada à l'écoute des Canadiens : |h[ressource électronique]|brapport sur les résultats des consultations publiques
260 |aOttawa - Ontario : |bAffaires étrangères et Commerce international. |c2010.
300 |a49p.|bglossaire, graphiques, photographies
590 |a13-11-Supp|b2013-04-26
69107|aPlan d'affaires|2gcpds
77508|tWhat Passport Canada heard from Canadians : |w(CaOODSP)9.697705
85640|ahttp://publications.gc.ca|qPDF|s626 Ko|uhttps://publications.gc.ca/collections/collection_2013/aecic-faitc/E77-2-7-2010-fra.pdf